Supplement to The birds of Chile and adjacent regions of Argentina, Bolivia and Peru /

Saved in:
நூற்பட்டியல் விவரங்கள்
தலைமை எழுத்தாளர்: Johnson, A. W. 1894-
வடிவம்: புத்தகம்
மொழி:English
வெளியீடப்பட்டது: [Buenos Aires : Platt Establecimientos Graficos,] 1972, 1965.
பகுதிகள்:
குறியீடுகள்: குறிச்சொல் இணை
குறியீடுகள் இல்லை, இந்த குறிச்சொல்லை முதலில் பதிவு செய்யுங்கள்!
LEADER 00728cam a2200205Ia 4500
001 005171984-3
005 20020606095253.2
008 750228c19721965ag b 001 0 eng d
035 0 |a ocm01194008 
040 |a AGL  |c AGL  |d OCL  |d PIT  |d HMZ 
043 |a s-cl--- 
090 |a QL689.C5  |b J62 1972 
100 1 |a Johnson, A. W.  |q (Alfredo William),  |d 1894- 
245 1 0 |a Supplement to The birds of Chile and adjacent regions of Argentina, Bolivia and Peru /  |c by A.W. Johnson. 
260 |a [Buenos Aires :  |b Platt Establecimientos Graficos,]  |c 1972,  |c 1965. 
300 |a 116 p. :  |b ill. : (some col.) ;  |c 23 cm. 
504 |a Includes bibliographical references: (p. 107-108) and idexes. 
650 0 |a Birds  |z Chile. 
988 |a 20020608 
906 |0 OCLC